Discrete Mathematics (Record no. 5320)
[ view plain ]
| 000 -LEADER | |
|---|---|
| fixed length control field | 00331nam a2200157Ia 4500 |
| 003 - CONTROL NUMBER IDENTIFIER | |
| control field | OSt |
| 005 - DATE AND TIME OF LATEST TRANSACTION | |
| control field | 20240108111343.0 |
| 008 - FIXED-LENGTH DATA ELEMENTS--GENERAL INFORMATION | |
| fixed length control field | 170524s9999 xx 000 0 und d |
| 020 ## - INTERNATIONAL STANDARD BOOK NUMBER | |
| International Standard Book Number | 9780070601741 |
| 040 ## - CATALOGING SOURCE | |
| Transcribing agency | iimtu |
| 100 ## - MAIN ENTRY--PERSONAL NAME | |
| Personal name | Lipschutz |
| 245 #0 - TITLE STATEMENT | |
| Title | Discrete Mathematics |
| 260 ## - PUBLICATION, DISTRIBUTION, ETC. | |
| Name of publisher, distributor, etc. | TMH |
| 260 ## - PUBLICATION, DISTRIBUTION, ETC. | |
| Date of publication, distribution, etc. | 2007 |
| 942 ## - ADDED ENTRY ELEMENTS (KOHA) | |
| Source of classification or shelving scheme | |
| Koha item type | Book Bank |
| Withdrawn status | Lost status | Source of classification or shelving scheme | Damaged status | Not for loan | Home library | Current library | Date acquired | Total Checkouts | Barcode | Date last seen | Date last checked out | Uniform Resource Identifier | Price effective from | Koha item type | Public note |
|---|---|---|---|---|---|---|---|---|---|---|---|---|---|---|---|
| IIMT University Central Library Meerut | IIMT University Central Library Meerut | 05/31/2017 | 2 | 01-B-44084 | 02/02/2023 | 10/19/2022 | ENGINEERING MATHEMATHICS | 05/31/2017 | Book Bank | Engineering Departmental Library books | |||||
| IIMT University Central Library Meerut | IIMT University Central Library Meerut | 05/31/2017 | 3 | 01-B-44085 | 02/01/2023 | 09/28/2022 | ENGINEERING MATHEMATHICS | 05/31/2017 | Book Bank | ||||||
| IIMT University Central Library Meerut | IIMT University Central Library Meerut | 05/31/2017 | 4 | 01-B-44086 | 02/03/2025 | 08/28/2024 | ENGINEERING MATHEMATHICS | 05/31/2017 | Book Bank | ||||||
| IIMT University Central Library Meerut | IIMT University Central Library Meerut | 05/31/2017 | 6 | 01-B-44087 | 02/03/2025 | 09/17/2024 | ENGINEERING MATHEMATHICS | 05/31/2017 | Book Bank | ||||||
| IIMT University Central Library Meerut | IIMT University Central Library Meerut | 05/31/2017 | 5 | 01-B-44088 | 01/28/2026 | 10/29/2025 | ENGINEERING MATHEMATHICS | 05/31/2017 | Book Bank | ||||||
| IIMT University Central Library Meerut | IIMT University Central Library Meerut | 05/31/2017 | 8 | 01-B-44089 | 02/03/2023 | 10/18/2022 | ENGINEERING MATHEMATHICS | 05/31/2017 | Book Bank | ||||||
| IIMT University Central Library Meerut | IIMT University Central Library Meerut | 05/31/2017 | 7 | 01-B-44090 | 01/27/2025 | 09/06/2024 | ENGINEERING MATHEMATHICS | 05/31/2017 | Book Bank | ||||||
| IIMT University Central Library Meerut | IIMT University Central Library Meerut | 05/31/2017 | 3 | 01-B-44091 | 02/01/2023 | 12/09/2022 | ENGINEERING MATHEMATHICS | 05/31/2017 | Book Bank | ||||||
| IIMT University Central Library Meerut | IIMT University Central Library Meerut | 05/31/2017 | 5 | 01-B-44092 | 01/31/2023 | 09/23/2022 | ENGINEERING MATHEMATHICS | 05/31/2017 | Book Bank | ||||||
| IIMT University Central Library Meerut | IIMT University Central Library Meerut | 05/31/2017 | 4 | 01-B-44093 | 01/23/2023 | 10/08/2022 | ENGINEERING MATHEMATHICS | 05/31/2017 | Book Bank |

